000 00176 a2200097 4500
020 _a9789707417045
041 _aspa
100 _aphilip Steele
245 _amomias
942 _cK
999 _c30419
_d30417